000 00596nam a2200193Ia 4500
003 GCL
008 140319s9999 xx 000 0 ara d
040 _aGCL /
_cGCL
082 0 4 _a553.5
_bن ج
100 1 _aنورالدين ذكى محمد
245 1 0 _aجيولوجيا المحاجر /
_cنورالدين ذكى محمد
260 _a[S.N] :
_bالهيئة المصرية العامة للكتاب ،
_c1994
300 _a135 ص
490 _aالعلم والحياة
_v0
650 0 4 _aالجيولوجيا
650 0 4 _aالاحجار
650 0 4 _aالمحاجر
942 _2ddc
_cBK
999 _c34699
_d34699